| 000 | 00961nam a22002897a 4500 | ||
|---|---|---|---|
| 003 | CHAP | ||
| 005 | 20220329143836.0 | ||
| 008 | 121107s2011 mx a r 00010 spa d | ||
| 010 | _a102648 | ||
| 011 | _a103620 | ||
| 035 | _a114309 | ||
| 040 | _cCHAP | ||
| 082 | 0 | 4 |
_a378.1011 _bUa1 |
| 110 | 2 |
_aUACH. Consejo Universitario _9115847 |
|
| 245 | 1 | 0 |
_aCandidatos al H. Consejo Universitario por el tercio 2011 - 2013 _c/por Universidad Autónoma Chapingo |
| 260 |
_aChapingo, Méx. : _bUACH, _c2011 |
||
| 300 |
_a102 p. : _bilus. |
||
| 590 |
_aBATCH-UPD _b10 _c20130110 _lUCH01 _h1747 |
||
| 590 |
_aBATCH-UPD _b10 _c20130410 _lUCH01 _h1125 |
||
| 590 |
_aBATCH-UPD _b10 _c20130914 _lUCH01 _h2056 |
||
| 590 |
_aCONVERSION _b10 _c20130109 _lUCH01 _h1357 |
||
| 650 | 1 | 4 |
_aUACH _xAdministración. _9115801 |
| 650 | 1 | 4 |
_aUACH _xPolítica y desarrollo. _9115805 |
| 901 | _aBK | ||
| 942 | _cLIBRO | ||
| 949 |
_a378.1011 Ua1 _bBC _cUACH _d33724002314421 _eLIBRO _h116171 _i114309 _sb |
||
| 999 |
_c102648 _d102648 |
||